00885cam a2200217 a 4500001000400000003001000004005001700014008004100031020001800072040002500090080002500115245021100140250003300351260003800384300002000422504002500442650005400467650004700521650004700568700005200615202BR-CuiBMT20231129041830.0230829s2021 mgb 000 0 por d a9786555182521 aBR-CuiBMTcBR-CuiBMT 22007a342.726-056.2600aComentários ao estatuto da pessoa com deficiência à luz da Constituição da República :cHeloisa Helena Barboza, Vitor Almeida, coordenadores ; prefácios Francisco J. Bariffi, Gustavo Tepedino. a2. ed., rev., ampl. e atual. aBelo Horizonte :bFórum,c2021. a448 p. ;c24 cm aInclui bibliografia. aPessoa com deficiência vLegislaçãozBrasil aDireitos e garantias individuais zBrasil  aCidade inteligente xAspectos jurídicos 1 aBarboza, Heloisa Helena, Almeida, Vitordcoord.